|
|
|
|
| LEADER |
00000cam a2200000 7i4500 |
| 001 |
0000087929 |
| 005 |
20230125112111.0 |
| 008 |
220315 |
| 020 |
|
|
|a 9781786499127
|
| 041 |
0 |
|
|a English
|
| 090 |
0 |
0 |
|a 941.085092
|b ALD
|
| 100 |
1 |
|
|a Aldrich, Richard J.
|
| 245 |
1 |
4 |
|a The secret royals :
|b spying and the crown, from Victoria to Diana
|c Richard J. Aldrich
|
| 260 |
|
|
|a Penang :
|b Areca Books ,
|c 2021
|
| 300 |
|
|
|a 725 p. ;
|c 24.1 cm.
|
| 541 |
|
|
|a Purchased on 2021
|f 1491 TIM
|h RM188.78
|
| 650 |
|
0 |
|a Queen of Great Britain
|y 1819-1901
|
| 700 |
0 |
|
|a Title
|
| 700 |
1 |
|
|a Cormac, Rory
|
| 999 |
|
|
|a 0001676549
|b Book
|c Adult Collection
|e Perbadanan Perpustakaan Awam Johor
|